| 000 | 00672cam a22002411 4500 | ||
|---|---|---|---|
| 001 | sa 65001938 | ||
| 003 | DLC | ||
| 005 | 20260227112112.0 | ||
| 008 | 890713s1964 ii 000 0 beno | ||
| 010 | _asa 65001938 | ||
| 035 | _a(OCoLC)20004301 | ||
| 040 |
_aDLC _cWaU _dDLC |
||
| 042 | _apremarc | ||
| 043 | _aa-ii--- | ||
| 050 | 0 | 0 |
_aPK1701 _b.C3 |
| 100 | 1 | _aCakrabartī, Jāhṇabīkumāra. | |
| 245 | 1 | 0 | _aPrācīna Bhāratīẏa sāhitya o Bāṅālīra uttarādhikāra. |
| 260 | _c[1964] | ||
| 300 |
_a2 v. _c23 cm. |
||
| 500 | _aIn Bengali. | ||
| 650 | 0 |
_aBengali literature _xHistory and criticism. |
|
| 650 | 0 |
_aIndic literature _xHistory and criticism. |
|
| 999 |
_c62318 _d62318 |
||